|
|
|
|
| LEADER |
00799ncm a22002172a 4500 |
| 001 |
001277532 |
| 003 |
CZ BrMZK |
| 005 |
20150813084115.0 |
| 007 |
qu |
| 008 |
110411s1879 fr |||||||||||||||||zxx d |
| 040 |
|
|
|a BOA001
|b cze
|
| 072 |
|
7 |
|a 786
|x Hudba pro klávesové nástroje
|2 Konspekt
|9 9
|
| 100 |
1 |
|
|a Bizet, Georges,
|d 1838-1875
|7 jn19990000822
|4 cmp
|
| 245 |
1 |
0 |
|a Roma
|h [hudebnina] :
|b 3me suite de concert pour piano : edition à 4 mains 8'net /
|c par Georges Bizet
|
| 260 |
|
|
|a Paris :
|b Choudens Fils,
|c [1879?]
|
| 300 |
|
|
|a 1 partitura (71 s.)
|
| 510 |
4 |
|
|a [Winiker, C. Haupt-Katalog der Musikalien-Leih-Anstalt,
|c 53811]
|
| 910 |
|
|
|a BOA001
|b Mus4-0206.050
|
| 990 |
|
|
|a MU
|
| 991 |
|
|
|b 201302
|
| 996 |
6 |
|
|b 2619518266
|c Mus4-0206.050
|l MZK
|r Sklad / do 1 hodiny
|n 0
|p W
|w 001311839
|u 000010
|a 1
|e BOA001
|j MZK50
|s P
|